Transport phenomena in metallurgy /
Guardado en:
| Autor Principal: | |
|---|---|
| Otros Autores: | |
| Formato: | Libro |
| Idioma: | English |
| Publicado: |
Reading, Mass. :
Addison-Wesley Pub. Co.,
c1973.
|
| Series: | Addison-Wesley series in metallurgy and materials
|
| Materias: | |
| Etiquetas: |
Agregar Etiqueta
Sin Etiquetas, Sea el primero en etiquetar este registro!
|
| LEADER | 00873nam a22002415a 4500 | ||
|---|---|---|---|
| 001 | EIQ.libpla002494 | ||
| 008 | 730807s1973####maua#####b####001#0#eng#d | ||
| 005 | 20070622185018.0 | ||
| 245 | 1 | 0 | |a Transport phenomena in metallurgy / |c [by] G. H. Geiger [and] D. R. Poirier. |
| 260 | |a Reading, Mass. : |b Addison-Wesley Pub. Co., |c c1973. | ||
| 300 | |a xxi, 616 p. : |b il. ; |c 25 cm. | ||
| 490 | 0 | |a Addison-Wesley series in metallurgy and materials | |
| 504 | |a Incluye referencias bibliográficas e indice. | ||
| 100 | 1 | |a Geiger, Gordon Harold, |d 1937- | |
| 700 | 1 | |a Poirier, D. R. | |
| 082 | 0 | 0 | |a 532/.057/024669 |
| 650 | 4 | |a Procesos |x Metalurgia. | |
| 650 | 4 | |a Procesos |x Teoría de transporte. | |
| 650 | 4 | |a Processes |x Transport theory. | |
| 650 | 4 | |a Processes |x Metallurgy. | |
| 010 | |a 75164648 | ||
| 040 | |a DLC |c DLC |d AR-BbSID | ||
| 859 | |a AR-BbSID |b BIB. PLAPIQUI |h 669.9 |i G 275 |p 1234 | ||
